01611nam a2200337Ia 4500001001200000003000800012006001900020007001500039008004100054010001700095020002200112040002100134035002000155050002300175082001700198245037000215260005600585300002400641504006400665533015200729650003300881650004900914650004200963650003601005655002901041700001901070700002401089710001701113856012601130999001701256ebr10032475CaPaEBRm u cr cn|||||||||020405s2002 dcua sb 001 0 eng d z 2002005466 z0309083486 (pbk.) aCaPaEBRcCaPaEBR a(OCoLC)6152133114aRE91b.V525 2002eb04a617.7/1522100aVisual impairmentsh[electronic resource] :bdetermining eligibility for social security benefits /cPeter Lennie and Susan B. Van Hemel, editors ; Committee on Disability Determination for Individuals with Visual Impairments, Board on Behavioral, Cognitive, and Sensory Sciences, Division of Behavioral and Social Sciences and Education, National Research Council. aWashington, D.C. :bNational Academy Press,cc2002. axii, 354 p. :bill. aIncludes bibliographical references (p. 231-274) and index. aElectronic reproduction.bPalo Alto, Calif. :cebrary,d2013.nAvailable via World Wide Web.nAccess may be limited to ebrary affiliated libraries. 0aVision disordersxDiagnosis. 0aPeople with visual disabilitiesxEvaluation. 0aDisability evaluationzUnited States. 0aSocial securityzUnited States. 7aElectronic books.2local1 aLennie, Peter.1 aVan Hemel, Susan B.2 aebrary, Inc.40uhttp://site.ebrary.com/lib/rucke/Doc?id=10032475zAn electronic book accessible through the World Wide Web; click to view c63103d63103